[Event "EU Union-ch U12"]
[Site "Kouty nad Desnou"]
[Date "2019.08.18"]
[Round "3"]
[White "Kapicakova, Lucia"]
[Black "Markov, Daniel"]
[Result "1-0"]
[WhiteElo "1655"]
[BlackElo "1276"]
[PlyCount "79"]
[EventDate "2019.08.16"]
[EventType "swiss"]
[EventRounds "9"]
[EventCountry "CZE"]
[SourceTitle "EXT 2020"]
[Source "ChessBase"]
[SourceDate "2019.10.17"]
[SourceVersion "1"]
[SourceVersionDate "2019.10.17"]
[SourceQuality "1"]

1. e4 e6 2. d3 d5 3. Nd2 c5 4. Ngf3 Nc6 5. g3 dxe4 6. dxe4 b6 7. Bg2 Bb7 8. 0-0 Qc7 9. a4 Nf6 10. c3 Ne5 11. Nxe5 Qxe5 12. f4 Qc7 13. e5 Bxg2 14. Kxg2 h5 15. exf6 gxf6 16. Qf3 Rd8 17. Nc4 h4 18. Be3 hxg3 19. hxg3 Ke7 20. Rad1 Bg7 21. Rxd8 Qxd8 22. Rd1 Qc7 23. Rd6 f5 24. Qc6 Qb8 25. Qd7+ Kf6 26. Ne5 Qg8 27. Rc6 Rh7 28. Rc8 Bf8 29. Qd8+ Kg7 30. Qg5+ Kh8 31. Qxg8+ Kxg8 32. Nd7 Kg7 33. Rxf8 Kg6 34. Rg8+ Kh6 35. Nf6 Rg7 36. Rh8+ Kg6 37. Ng8 f6 38. Rh6+ Kf7 39. Nxf6 Ke7 40. Kh3 1-0

[Event "Vitosha op U10 3rd"]
[Site "Vitosha"]
[Date "2017.07.02"]
[Round "6"]
[White "Markov, Daniel"]
[Black "Damyanov, Boris"]
[Result "0-1"]
[WhiteElo "1250"]
[BlackElo "1478"]
[PlyCount "62"]
[EventDate "2017.07.01"]
[EventType "swiss"]
[EventRounds "6"]
[EventCountry "BUL"]
[SourceTitle "CBM 179 Extra"]
[Source "ChessBase"]
[SourceDate "2017.08.23"]
[SourceVersion "1"]
[SourceVersionDate "2017.08.23"]
[SourceQuality "1"]

1. e4 c5 2. Nf3 e6 3. d4 cxd4 4. Nxd4 a6 5. Nc3 Nc6 6. Be3 Qc7 7. Qd2 Nf6 8. f3 Bb4 9. a3 Ba5 10. b4 Bb6 11. Bc4 Nxd4 12. Bxd4 Bxd4 13. Qxd4 b5 14. Bb3 Bb7 15. 0-0 0-0 16. Rad1 Rfd8 17. a4 Rac8 18. Rd3 Bc6 19. axb5 Bxb5 20. Nxb5 axb5 21. Re1 d5 22. exd5 Nxd5 23. Qe4 Nf6 24. Rxd8+ Rxd8 25. Qe5 Qb7 26. Kf2 h6 27. Qc5 Rc8 28. Qd6 Nd5 29. Rd1 Qa7+ 30. Ke1 Qg1+ 31. Kd2 Qe3# 0-1

[Event "Sofia MGU op 185th"]
[Site "Sofia"]
[Date "2017.04.08"]
[Round "3"]
[White "Babatov, Martin"]
[Black "Markov, Daniel"]
[Result "1-0"]
[WhiteElo "1709"]
[BlackElo "1152"]
[PlyCount "59"]
[EventDate "2017.04.08"]
[EventType "swiss"]
[EventRounds "6"]
[EventCountry "BUL"]
[SourceTitle "CBM 177 Extra"]
[Source "ChessBase"]
[SourceDate "2017.04.27"]
[SourceVersion "1"]
[SourceVersionDate "2017.04.27"]
[SourceQuality "1"]

1. d4 Nf6 2. c4 g6 3. Nc3 Bg7 4. e4 d6 5. f3 0-0 6. Be3 Nbd7 7. Qd2 Re8 8. Bd3 c5 9. d5 Ne5 10. Nge2 e6 11. h3 a6 12. f4 Nxd3+ 13. Qxd3 Bd7 14. g4 exd5 15. cxd5 Nxg4 16. hxg4 Bxg4 17. 0-0-0 b5 18. Rdg1 Bxe2 19. Nxe2 Qa5 20. Qb1 c4 21. Bd4 Bxd4 22. Nxd4 c3 23. Nc6 cxb2+ 24. Qxb2 Qa4 25. Rxh7 Qc4+ 26. Kd2 f6 27. Rgh1 g5 28. Rh8+ Kg7 29. R1h7+ Kg6 30. f5# 1-0